00661nam a2200229 a 4500001001300000003000900013005001700022008004100039020001000080082001600090100001500106245001600121260004100137500003500178505003000213650002700243700001500270902000800285942000700293952011600300999001500416nice12345678IN_TiNIC20260116011758.0050524s1911 luca grp 000 0 urd  ac10000a297.29bNAQ aNaqi, Mohd aSaifun Naqi aLucknowbGulzar-E-syedi Press c1911 aincludes index and biblioraphy2 a3 volumes bound together. aIslam-Apologetic Works1 aNaqi, Mohd bSRS cBK 001040708StackRoom-aHMIbHMId2007-07-20g100.00l0o297.29 NAQp07104r2007-07-20v100.00w2005-05-24yBK c3896d3896